000 00552nam a22001697a 4500
003 NUST
038 _aNusrat Nadeem
082 _a200
100 _aTahira
_9125089
245 _aDesign, Development, and Evaluation of an E-Career Assessment Tool for Secondary School Students/
_cTahira
264 _aIslamabad;
_bS3H NUST;
_c2024.
300 _a160,p;
_bill;
_c30,cm.
650 _aMS-Career Counselling
_9123111
700 _aSupervisor: Ms. Nadia Jahan
_9125090
856 _u http://10.250.8.41:8080/xmlui/handle/123456789/45332
942 _2ddc
_cSC
999 _c610844
_d610844